|
|
|
|
| LEADER |
01542nam a2200385 a 4500 |
| 001 |
000534872 |
| 003 |
CZ BrMZK |
| 005 |
20080409131034.0 |
| 007 |
ta |
| 008 |
000115s2000 xr f eng d |
| 015 |
|
|
|a cnb000886708
|
| 020 |
|
|
|a 80-214-1641-6
|
| 035 |
|
|
|a (OCoLC)47950584
|
| 040 |
|
|
|a BOA001
|b cze
|
| 072 |
|
7 |
|a 004.8
|x Umělá inteligence
|2 Konspekt
|9 23
|
| 080 |
|
|
|a 004.032.26
|2 MRF
|
| 080 |
|
|
|a 510.6-021.167
|2 MRF
|
| 080 |
|
|
|a 004.8
|2 MRF
|
| 080 |
|
|
|a (062.534)
|2 MRF
|
| 245 |
0 |
0 |
|a Artificial intelligence in control and measurement :
|b reprints of the International summer school CEEPUS SK-46 : August 21st - September 1st, 2000 : Brno, Czech Republic /
|c editor: Václav Jirsík
|
| 246 |
3 |
3 |
|a CEEPUS SK-46
|
| 246 |
3 |
3 |
|a Reprints of the International summer school CEEPUS SK-46
|
| 250 |
|
|
|a Vyd. 1.
|
| 260 |
|
|
|a Brno :
|b University of Technology,
|c 2000
|
| 300 |
|
|
|a 146 s. :
|b il. ;
|c 29 cm
|
| 500 |
|
|
|a Vyd. Fak. elektrotechniky a informatiky. - Bibliogr.
|
| 650 |
0 |
7 |
|a neuronové sítě (počítačová věda)
|7 ph115443
|2 czenas
|
| 650 |
0 |
7 |
|a fuzzy logika
|7 ph120411
|2 czenas
|
| 650 |
0 |
7 |
|a umělá inteligence
|7 ph116536
|2 czenas
|
| 655 |
|
7 |
|a sborníky konferencí
|7 fd133333
|2 czenas
|
| 700 |
1 |
|
|a Jirsík, Václav,
|d 1956-
|7 mzk2005318134
|4 edt
|4 aut
|
| 710 |
2 |
|
|a Vysoké učení technické v Brně.
|b Fakulta elektrotechniky a informatiky
|7 kn20010709416
|
| 910 |
|
|
|a BOA001
|b 4-1077.541
|
| 990 |
|
|
|a BK
|
| 996 |
6 |
|
|b 2610121870
|c 4-1077.541
|l MZK
|r Sklad / do 1 hodiny
|n 0
|p p.v.
|w 000534872
|u 000010
|a 1
|e BOA001
|j MZK50
|s P
|